Leve es la parte de la vida que como dioses rescatan los poetas (Registro nro. 183546)
[ vista simple ]
| 000 -LEADER | |
|---|---|
| campo de control de longitud fija | 01109nam a2200277 i 4500 |
| 001 - NÚMERO DE CONTROL | |
| campo de control | 183546 |
| 003 - IDENTIFICADOR DE NÚMERO DE CONTROL | |
| campo de control | ES-MaACL |
| 005 - FECHA Y HORA DE LA ÚLTIMA TRANSACCIÓN | |
| campo de control | 20231213210245.0 |
| 008 - DATOS DE LONGITUD FIJA--INFORMACIÓN GENERAL | |
| campo de control de longitud fija | 140717s2013 sp ao |||| |bspa d |
| 020 ## - NÚMERO INTERNACIONAL ESTÁNDAR DEL LIBRO | |
| Número Internacional Estándar del Libro | 978-84-86701-66-6 |
| 080 ## - NÚMERO DE LA CLASIFICACIÓN DECIMAL UNIVERSAL | |
| Número de la Clasificación Decimal Universal | 821.134.2 Cernuda, Luis 1.07(082.2) |
| 080 ## - NÚMERO DE LA CLASIFICACIÓN DECIMAL UNIVERSAL | |
| Número de la Clasificación Decimal Universal | 929 Cernuda, Luis |
| 245 00 - MENCIÓN DEL TÍTULO | |
| Título | Leve es la parte de la vida que como dioses rescatan los poetas |
| Resto del título | : poemas para Luis Cernuda / |
| Mención de responsabilidad, etc. | edición de Miguel Losada. |
| 260 ## - PUBLICACIÓN, DISTRIBUCIÓN, ETC. | |
| Lugar de publicación, distribución, etc. | [Madrid] : |
| Nombre del editor, distribuidor, etc. | Ediciones de La Revista Áurea : |
| -- | Polibea, |
| Fecha de publicación, distribución, etc. | [2013] |
| 300 ## - DESCRIPCIÓN FÍSICA | |
| Extensión | 172 p. : |
| Otras características físicas | il. col. y n. ; |
| Dimensiones | 21 cm. |
| 490 1# - MENCIÓN DE SERIE | |
| Mención de serie | La Revista Áurea ; |
| Designación de volumen o secuencia | 1 |
| 505 8# - NOTA DE CONTENIDO CON FORMATO | |
| Nota de contenido con formato | Contiene: Primeros borradores de ; |
| Título | Soliloquio del farero / |
| Mención de responsabilidad | por Luis Cernuda |
| 600 17 - PUNTO DE ACCESO ADICIONAL DE MATERIA--NOMBRE DE PERSONA | |
| Nombre de persona | Cernuda, Luis, |
| Fechas asociadas al nombre | 1902-1963- |
| Subdivisión general | Homenajes |
| 9 (RLIN) | 142579 |
| 700 1# - ENTRADA AGREGADA--NOMBRE PERSONAL | |
| Nombre de persona | Losada, Miguel |
| 9 (RLIN) | 74261 |
| 700 1# - ENTRADA AGREGADA--NOMBRE PERSONAL | |
| Nombre de persona | Cernuda, Luis, |
| Fechas asociadas al nombre | 1902-1963 |
| 9 (RLIN) | 37529 |
| 830 0# - PUNTO DE ACCESO ADICIONAL DE SERIE-TÍTULO UNIFORME | |
| Título uniforme | La Revista Áurea ; |
| Designación de volumen o secuencia | 1 |
| 9 (RLIN) | 192113 |
| 852 ## - LOCALIZACIÓN | |
| Ubicación | ES-MaACL |
| Número de control de estantería | A-13156 |
| itemnumber | 190487 |
| Sublocalización o colección | R.149987 |
| Ubicación en estantería | Depósito 1 |
| Signatura antigua | Olim:N-6156 |
| Donativo/Legado | Donación: Miguel Losada |
| 903 ## - NOMBRE PERSONAL DE DONANTE | |
| a | Losada, Miguel |
| e | Donante |
| 9 | 74261 |
| 942 ## - ELEMENTOS DE ENTRADA SECUNDARIOS (KOHA) | |
| Fuente del sistema de clasificación o colocación | Clasificación decimal universal |
| Estatus retirado | Estado de pérdida | Fuente del sistema de clasificación o colocación | Estado de daño | No para préstamo | Biblioteca de origen | Biblioteca actual | Ubicación en estantería | Fecha de adquisición | Fuente de adquisición | Número de control de estantería | Total de préstamos | Signatura topográfica completa | Código de barras | Visto por última vez | Precio de reemplazo | Tipo de ítem Koha |
|---|---|---|---|---|---|---|---|---|---|---|---|---|---|---|---|---|
| Clasificación decimal universal | Biblioteca del Ateneo de Madrid | Biblioteca del Ateneo de Madrid | Depósito 1 | 17/07/2014 | Donación | 1 | A-13156 | 1192926 | 23/02/2023 | 23/02/2023 | Libro impreso |
